| 000 | 00000nam 2200000zi 4500 |
| 001 | 9.946029 |
| 003 | CaOODSP |
| 005 | 20241210150518 |
| 006 | m o d f |
| 007 | cr |n||||||||| |
| 008 | 241210t19851985onca obi f|0| 0 eng d |
| 040 | |aCaOODSP|beng|erda|cCaOODSP |
| 043 | |an-cn--- |
| 086 | 1 |aNR24-29/1985E-PDF |
| 245 | 00|aCanadian Plumbing Code 1985. |
| 250 | |aFifth edition 1985. |
| 264 | 1|aOttawa : |bAssociate Committee on the National Building Code, National Research Council of Canada, |c1985. |
| 264 | 4|c©1985 |
| 300 | |a1 online resource (vii, 119 pages) : |billustrations + |efirst revisions (2 unnumbered pages), second revisions (2 pages), third revisions (2 pages), fourth revisions (2 pages) |
| 336 | |atext|btxt|2rdacontent |
| 337 | |acomputer|bc|2rdamedia |
| 338 | |aonline resource|bcr|2rdacarrier |
| 500 | |aIssued also in French under title: Code canadien de la plomberie 1985. |
| 500 | |aDigitized edition from print [produced by National Research Council of Canada]. |
| 500 | |a"NRCC No. 23176." |
| 504 | |aIncludes bibliographical references and index. |
| 650 | 0|aPlumbing|xLaw and legislation|zCanada. |
| 650 | 0|aPlumbing|xStandards|zCanada. |
| 710 | 2 |aNational Research Council of Canada. |bAssociate Committee on the National Building Code, |eissuing body. |
| 775 | 08|tCode canadien de la plomberie 1985.|w(CaOODSP)9.946030 |
| 794 | |tCanadian Plumbing Code 1990.|b1990 edition|w(CaOODSP)9.946035 |
| 795 | |tCanadian Plumbing Code 1980.|b1980 edition|w(CaOODSP)9.946009 |
| 856 | 40|qPDF|s4.57 MB|uhttps://publications.gc.ca/collections/collection_2024/cnrc-nrc/NR24-29-1985-eng.pdf|zCode |
| 856 | 40|qPDF|s30 KB|uhttps://publications.gc.ca/collections/collection_2024/cnrc-nrc/NR24-29-1985-1-eng.pdf|zFirst revisions |
| 856 | 40|qPDF|s54 KB|uhttps://publications.gc.ca/collections/collection_2024/cnrc-nrc/NR24-29-1985-2-eng.pdf|zSecond revisions |
| 856 | 40|qPDF|s51 KB|uhttps://publications.gc.ca/collections/collection_2024/cnrc-nrc/NR24-29-1985-3-eng.pdf|zThird revisions |
| 856 | 40|qPDF|s46 KB|uhttps://publications.gc.ca/collections/collection_2024/cnrc-nrc/NR24-29-1985-4-eng.pdf|zFourth revisions |